| 000 | 00770nam a2200193Ia 4500 | ||
|---|---|---|---|
| 001 | 114601 | ||
| 003 | DR-UNIBE | ||
| 005 | 20260427110837.0 | ||
| 008 | 26042721998 sz spa spa | ||
| 040 |
_cBIBLIOTECA UNIBE _erda _aBIBLIOTECA UNIBE _bspa |
||
| 041 | _aspa | ||
| 111 | 2 |
_aConvenio sobre la Distribución Señales Portadas de Programas Transmitidas por Satélite (1974 : Bruselas) _9204362 |
|
| 245 | 1 | 0 | _aConvenio sobre la distribución señales portadas de programas transmitidas por satélite : hecho en Bruselas el 21 mayo de 1974 |
| 260 | 4 |
_aGinebra : _bOrganización Mudial de la Propiedad Intelectual, _c1998 |
|
| 300 | 4 | _a9 páginas | |
| 650 | _aConvenios (Derecho) | ||
| 650 |
_aTelecomunicación _xLegislación _9204366 |
||
| 942 |
_2ddc _cMX |
||
| 999 |
_c114601 _d114601 |
||